000 00706nam a2200145 a 4500
008 120416s1979 xx |||||||||||||| || u
050 _aTH 438 Dha
100 _aDharwadker, P. P
245 1 0 _aConstruction management
260 _c1979
350 _a0.00
995 _aBINDERY (DAMAGED)
_D0.00
_e724325
_FCBU-MAIN LIBRARY (Kitwe)
_H1
_I0.00
_jTH 438 Dha
_UDAMAGED
_y016096
_ZMain Library Open Access Collection
995 _aBINDERY (DAMAGED)
_D0.00
_e724327
_FCBU-MAIN LIBRARY (Kitwe)
_H2
_I0.00
_jTH 438 Dha
_UDAMAGED
_y016383
_ZMain Library Open Access Collection
995 _aMAIN LIBRARY OPEN ACCESS
_D0.00
_e724326
_FCBU-MAIN LIBRARY (Kitwe)
_H3
_I0.00
_jTH 438 Dha
_UAVAILABLE
_y016095
_ZMain Library Open Access Collection
999 _c79771
_d79771